Štúdia budúceho Konceptu odpadového a energetického hospodárstva v areáli Muttenz, Clariant AG (Švajčiarsko). Vorstudie fur ein zukunftiges Konzept der Abfallentsorgung und Energieversorgung im Werk Muttenz der Clariant (Schweitz) AG

Na minha lista:
Detalhes bibliográficos
Autor principal: Pecho, Juraj (Author)
Formato: Manuscrito Livro
Idioma:eslovaco
Publicado em: Bratislava : STU v Bratislave FCHPT, 2002
Edição:Obháj.: 12.3.2003
Tags: Adicionar Tag
Sem tags, seja o primeiro a adicionar uma tag!

MARC

LEADER 00000ntm a22000003a 4500
001 stu79777
005 20150617225640.0
008 030314s2002----xo------------------slo-d
040 |a STU  |b slo 
041 0 |a slo 
044 |a xo 
100 1 |a Pecho, Juraj  |4 aut 
245 1 |a Štúdia budúceho Konceptu odpadového a energetického hospodárstva v areáli Muttenz, Clariant AG (Švajčiarsko). Vorstudie fur ein zukunftiges Konzept der Abfallentsorgung und Energieversorgung im Werk Muttenz der Clariant (Schweitz) AG 
250 |a Obháj.: 12.3.2003 
260 |a Bratislava :  |b STU v Bratislave FCHPT,  |c 2002 
300 |a 117 s. Obr.,tab.,grafy,lit 
500 |a Špec.: Chemické inžinierstvo 
996 |b 284C027036  |c C*D13753  |l CCI  |s A  |a 24  |w stu79777_0001